Monte Carlo principles and neutron transport problems (Record no. 3450)

MARC details
000 -LEADER
fixed length control field 00730nam a2200217Ia 4500
003 - CONTROL NUMBER IDENTIFIER
control field IN-BaIIA
008 - FIXED-LENGTH DATA ELEMENTS--GENERAL INFORMATION
fixed length control field 211028s9999 xx 000 0 eng d
040 ## - CATALOGING SOURCE
Transcribing agency IIA Library
080 ## - UNIVERSAL DECIMAL CLASSIFICATION NUMBER
Universal Decimal Classification number 519.245
Item number SPA
100 ## - MAIN ENTRY--PERSONAL NAME
Personal name Spanier, Jerome
9 (RLIN) 6104
245 #0 - TITLE STATEMENT
Title Monte Carlo principles and neutron transport problems
Statement of responsibility, etc. Jerome Spanier and Ely M. Gelbard
260 ## - PUBLICATION, DISTRIBUTION, ETC.
Place of publication, distribution, etc. Massachusetts
Name of publisher, distributor, etc. Addison-Wesley
Date of publication, distribution, etc. 1969
300 ## - PHYSICAL DESCRIPTION
Extent xiv, 234p.
490 ## - SERIES STATEMENT
Series statement Addison-Wesley Series in Computer Science and Information Processing
650 ## - SUBJECT ADDED ENTRY--TOPICAL TERM
Topical term or geographic name entry element Monte Carlo Method
9 (RLIN) 6105
650 ## - SUBJECT ADDED ENTRY--TOPICAL TERM
Topical term or geographic name entry element NASA Thesaurus
650 ## - SUBJECT ADDED ENTRY--TOPICAL TERM
Topical term or geographic name entry element Stastical Analysts
9 (RLIN) 6106
650 ## - SUBJECT ADDED ENTRY--TOPICAL TERM
Topical term or geographic name entry element Statistics
700 ## - ADDED ENTRY--PERSONAL NAME
Personal name Gelbard, Ely M.
9 (RLIN) 6107
942 ## - ADDED ENTRY ELEMENTS (KOHA)
Koha item type Books
Holdings
Withdrawn status Lost status Damaged status Not for loan Home library Current library Shelving location Date acquired Cost, normal purchase price Total Checkouts Full call number Barcode Date last seen Cost, replacement price Price effective from Koha item type Purchase Price
        IIA Library-Bangalore IIA Library-Bangalore General Stacks 21/04/1970 107.64   519.245/ SPA 3844 05/11/2021 107.64 21/04/1970 Books Rs. 107.64

Powered by Koha